[Event "4NCL 2011-12"]
[Site "Hinkley ENG"]
[Date "2012.05.05"]
[Round "9.14"]
[White "Baburin, Alexander"]
[Black "Johannesson, Ingvar Thor"]
[Result "1/2-1/2"]
[WhiteTitle "GM"]
[BlackTitle "FM"]
[WhiteElo "2535"]
[BlackElo "2337"]
[WhiteTeam "Wood Green Hilsmark"]
[BlackTeam "Jutes of Kent"]
[WhiteFideId "2500914"]
[BlackFideId "2301490"]
[EventDate "2011.11.12"]

1. d4 Nf6 2. Nf3 e6 3. c4 c5 4. e3 b6 5. Nc3 d6 6. d5 e5 7. e4 Be7 8. Be2 O-O 9.
O-O Ne8 10. Ne1 Bg5 11. Nd3 Nd7 12. a3 g6 13. b4 Bxc1 14. Qxc1 Qe7 15. Kh1 Ng7
16. f4 f5 17. Qd2 exf4 18. Nxf4 Ne5 19. Rae1 Bd7 20. exf5 Nxf5 21. Nb5 Bxb5 22.
cxb5 1/2-1/2

[Event "4NCL 2011-12"]
[Site "Hinkley ENG"]
[Date "2012.05.05"]
[Round "9.16"]
[White "Pert, Nicholas"]
[Black "Mack, Andrew L"]
[Result "1-0"]
[WhiteTitle "GM"]
[BlackTitle "FM"]
[WhiteElo "2563"]
[BlackElo "2184"]
[WhiteTeam "Wood Green Hilsmark 2"]
[BlackTeam "Jutes of Kent"]
[WhiteFideId "403989"]
[BlackFideId "401595"]
[EventDate "2011.11.12"]

1. Nf3 Nf6 2. g3 g6 3. Bg2 Bg7 4. O-O O-O 5. d4 d6 6. Nc3 c6 7. e4 Nbd7 8. e5
dxe5 9. dxe5 Nd5 10. e6 fxe6 11. Ne4 N7f6 12. Qe2 Nxe4 13. Qxe4 Qd6 14. c4 Nf6
15. Qe2 Nh5 16. Bg5 e5 17. Rad1 Qc7 18. Rfe1 Be6 19. Nxe5 Qxe5 20. Qxe5 Bxe5 21.
Rxe5 Bxc4 22. b3 Ba6 23. Bxe7 Rae8 24. Bh3 Rf7 25. Rde1 Kg7 26. Bg4 Ra8 27. Bxh5
gxh5 28. Rg5+ Kh8 29. Re6 1-0

[Event "4NCL 2011-12"]
[Site "Hinkley ENG"]
[Date "2012.05.05"]
[Round "9.18"]
[White "Cramling, Pia"]
[Black "Donovan, Nigel P"]
[Result "1-0"]
[WhiteTitle "GM"]
[WhiteElo "2495"]
[BlackElo "2033"]
[WhiteTeam "Wood Green Hilsmark"]
[BlackTeam "Jutes of Kent"]
[WhiteFideId "1700030"]
[BlackFideId "403822"]
[EventDate "2011.11.12"]

1. d4 Nf6 2. Nf3 e6 3. c4 b6 4. e3 Bb7 5. Bd3 c5 6. O-O cxd4 7. exd4 Be7 8. Nc3
d6 9. d5 e5 10. Ng5 h6 11. Nge4 Nbd7 12. Ng3 O-O 13. Nf5 Re8 14. Qf3 Bf8 15. Qg3
Kh8 16. Nb5 Nh5 17. Nfxd6 Nxg3 18. Nxf7+ Kg8 19. Nxd8 Nxf1 20. Nxb7 Nc5 21. Nxc5 1-0

[Event "4NCL 2011-12"]
[Site "Hinkley ENG"]
[Date "2012.05.05"]
[Round "9.21"]
[White "Hebden, Mark L"]
[Black "Morrison, Graham SCO"]
[Result "1/2-1/2"]
[WhiteTitle "GM"]
[BlackTitle "FM"]
[WhiteElo "2515"]
[BlackElo "2339"]
[WhiteTeam "Cheddleton"]
[BlackTeam "Barbican 4NCL"]
[WhiteFideId "400084"]
[BlackFideId "2400090"]
[EventDate "2011.11.12"]

1. d4 Nf6 2. Nf3 e6 3. c3 b6 4. Bg5 Bb7 5. Nbd2 Be7 6. e3 h6 7. Bh4 c5 8. Bd3
cxd4 9. cxd4 Nc6 10. O-O O-O 11. a3 Rc8 12. Rc1 Nh5 13. Bxe7 Nxe7 14. Qa4 Nc6
15. Ba6 Bxa6 16. Qxa6 Nf6 17. Ne5 Rc7 18. Rc4 Nb8 19. Qb5 d6 20. Nd3 Rxc4 21.
Qxc4 Qd7 22. Rc1 Rd8 23. Qc7 Ne8 24. Qxd7 Nxd7 25. b4 b5 26. Nb3 Nb6 27. Na5 Rc8
28. Rxc8 Nxc8 29. Nc6 Nf6 30. f3 Nd5 31. Kf2 Ndb6 32. Nb2 Kf8 33. Ke2 Ke8 34.
Kd3 Kd7 35. Na5 Ne7 36. e4 g5 37. Nd1 Ng6 38. g3 h5 39. Ne3 Kc7 40. Nb3 Kd7 41.
Nd2 Ne7 42. Nb1 d5 43. Nc3 Kc6 44. h4 gxh4 45. gxh4 Ng6 46. exd5+ Nxd5 47. Ncxd5
exd5 48. Nf5 Kd7 49. Ke3 f6 50. Kf2 Ke6 51. Ng7+ Kf7 52. Nxh5 Nxh4 53. Nf4 Nf5
54. Nxd5 1/2-1/2

[Event "4NCL 2011-12"]
[Site "Hinkley ENG"]
[Date "2012.05.05"]
[Round "9.22"]
[White "Rogers, Jonathan W"]
[Black "Hawkins, Jonathan"]
[Result "1/2-1/2"]
[WhiteTitle "FM"]
[BlackTitle "IM"]
[WhiteElo "2349"]
[BlackElo "2480"]
[WhiteTeam "Barbican 4NCL 2"]
[BlackTeam "Cheddleton"]
[WhiteFideId "402052"]
[BlackFideId "412686"]
[EventDate "2011.11.12"]

1. d4 Nf6 2. c4 g6 3. Nc3 d5 4. e3 Bg7 5. Nf3 O-O 6. cxd5 Nxd5 7. Bd2 c5 8. Qb3
Nxc3 9. Bxc3 Nd7 10. Rd1 Qc7 11. d5 Rd8 12. Bxg7 Kxg7 13. Qc3+ Nf6 14. e4 Bg4
15. Be2 Kg8 16. Nd2 Bxe2 17. Kxe2 b5 18. g3 Rac8 19. Rhe1 b4 20. Qf3 Qe5 21. Nc4
Qxe4+ 22. Qxe4 Nxe4 23. Kf1 Nd6 24. Na5 Kf8 25. Nc6 Rd7 26. Rc1 c4 27. Nxb4 Rc5
28. Re2 a5 29. Nc2 c3 30. Na3 Nb5 31. Nb1 a4 32. a3 Nd4 33. Re4 Nb3 34. Rxc3
Rxc3 35. bxc3 Rxd5 36. Ke2 Nc1+ 37. Ke1 Nd3+ 38. Ke2 Nc1+ 1/2-1/2

[Event "4NCL 2011-12"]
[Site "Hinkley ENG"]
[Date "2012.05.05"]
[Round "9.23"]
[White "Rodriguez Guerrero, Enrique"]
[Black "Buchicchio, Giampaolo"]
[Result "1-0"]
[WhiteTitle "GM"]
[BlackTitle "FM"]
[WhiteElo "2454"]
[BlackElo "2300"]
[WhiteTeam "Cheddleton"]
[BlackTeam "Barbican 4NCL 2"]
[WhiteFideId "2216892"]
[BlackFideId "811491"]
[EventDate "2011.11.12"]

1. e4 c5 2. Nf3 Nc6 3. d4 cxd4 4. Nxd4 e5 5. Nb5 d6 6. N1c3 a6 7. Na3 Be6 8. Nc4
b5 9. Ne3 Nf6 10. a3 Ne7 11. Be2 g6 12. O-O Bg7 13. Bf3 O-O 14. Qd3 Qb6 15. Rd1
Rfd8 16. g4 Rac8 17. h4 Ne8 18. a4 Nc7 19. Bd2 b4 20. Ncd5 Ncxd5 21. exd5 Bd7
22. a5 Qb7 23. Qb3 Rb8 24. Nc4 Nc8 25. Be3 f5 26. g5 Re8 27. Bg2 f4 28. Bd2 Bf5
29. Re1 h6 30. Bxf4 Bf8 31. gxh6 Qh7 32. Bg5 Bxh6 33. Qe3 Bxg5 34. Qxg5 Rf8 35.
Ne3 Ne7 36. Bf1 Be4 37. Ng4 Bxd5 38. Nf6+ Rxf6 39. Qxf6 Rf8 40. Qg5 Rf4 41. Bg2
Rxh4 42. f3 Nf5 43. Qd8+ Kf7 44. Rad1 Ke6 45. Qc8+ Kf6 46. Qd8+ Qe7 47. Qxe7+
Nxe7 48. Re4 Bxe4 49. Rxd6+ Kg5 50. fxe4 Rh8 51. Re6 Re8 52. Kf2 Kf4 53. c3 bxc3
54. bxc3 Rc8 55. Rxe7 Rc5 56. Re6 Rxa5 57. Rxg6 Ra2+ 58. Kg1 a5 59. Rf6+ Kg3 60.
Rf3+ Kg4 61. Rf5 Ra1+ 62. Kh2 a4 63. Bf3+ 1-0

[Event "4NCL 2011-12"]
[Site "Hinkley ENG"]
[Date "2012.05.05"]
[Round "9.24"]
[White "Chapman, Terry P D"]
[Black "Paehtz, Elisabeth"]
[Result "0-1"]
[BlackTitle "IM"]
[WhiteElo "2253"]
[BlackElo "2457"]
[WhiteTeam "Barbican 4NCL 2"]
[BlackTeam "Cheddleton"]
[WhiteFideId "413399"]
[BlackFideId "4641833"]
[EventDate "2011.11.12"]

1. Nf3 g6 2. d4 Bg7 3. g3 d6 4. Bg2 Nf6 5. O-O O-O 6. c4 Bg4 7. Nc3 Nc6 8. d5
Na5 9. Nd2 c5 10. Rb1 a6 11. b3 Rb8 12. Bb2 b5 13. h3 Bd7 14. Qc2 e5 15. dxe6
fxe6 16. cxb5 axb5 17. Nce4 Nb7 18. Rfd1 Ne8 19. Bxg7 Nxg7 20. g4 Qe7 21. Rbc1
Ne8 22. Nf3 Nf6 23. Nfg5 Nd5 24. e3 b4 25. Rd2 Nc3 26. f4 Nb5 27. Nf3 Bc6 28. g5
Na3 29. Nf6+ Qxf6 30. gxf6 Nxc2 31. Rcxc2 Rbc8 32. Ng5 Rxf6 33. e4 Rxf4 34. Nxe6
Rf6 35. Nd4 cxd4 36. e5 dxe5 0-1

[Event "4NCL 2011-12"]
[Site "Hinkley ENG"]
[Date "2012.05.05"]
[Round "9.25"]
[White "Arkell, Keith C"]
[Black "Berry, Neil"]
[Result "1-0"]
[WhiteTitle "GM"]
[BlackTitle "FM"]
[WhiteElo "2418"]
[BlackElo "2312"]
[WhiteTeam "Cheddleton"]
[BlackTeam "Barbican 4NCL 1"]
[WhiteFideId "400270"]
[BlackFideId "2400650"]
[EventDate "2011.11.12"]

1. Nf3 Nf6 2. c4 e6 3. Nc3 d5 4. d4 Be7 5. cxd5 exd5 6. Bg5 c6 7. e3 Bf5 8. Bxf6
Bxf6 9. Bd3 Bxd3 10. Qxd3 O-O 11. b4 a6 12. O-O Nd7 13. a4 Nb6 14. Rfc1 Be7 15.
b5 axb5 16. axb5 Nc4 17. Nd2 Nxd2 18. Qxd2 Rxa1 19. Rxa1 Bb4 20. Qb2 Bxc3 21.
Qxc3 Qd7 22. Qb4 h5 23. h3 Rc8 24. bxc6 bxc6 25. Qc5 Qf5 26. Rc1 Qe6 27. Qb6 g6
28. Qa6 Rc7 29. Rb1 Qc8 30. Qa5 Kg7 31. Rc1 Kg8 32. Qa4 Qd7 33. Rc5 Kg7 34. Qc2
Qe6 35. Ra5 Rc8 36. Ra6 Qd6 37. h4 Kg8 38. g3 Kg7 39. Qb3 Kg8 40. Rb6 Ra8 41.
Qc3 Rc8 42. Qa5 Qe6 43. Rb7 Qf5 44. Qa3 Re8 45. Qa4 Rc8 46. Qa3 Re8 47. Qa6 Rc8
48. Rb6 Qd7 49. Rb1 Qe8 50. Qb7 Kg7 51. Rc1 Kg8 52. Qa6 Kg7 53. Qa4 Kg8 54. Qc2
Kg7 55. Rb1 Qe6 56. Rb7 Kg8 57. Qc5 Ra8 58. Rb1 Qf5 59. Rf1 Ra6 60. Qe7 Ra8 61.
Qd6 Qc2 62. Qf6 Rb8 63. Kg2 Ra8 64. Re1 Qe4+ 65. Kg1 Qc2 66. Qe5 Ra2 67. Rf1 Kh7
68. Qf4 Kg7 69. Qe5+ Kh7 70. Qf4 Kg7 71. Qe5+ Kh7 72. Qf6 Kg8 73. Qg5 Kg7 74.
Kh2 Qe2 75. Kg2 Qc2 76. Qe5+ Kh7 77. Qf4 Kg7 78. g4 hxg4 79. Qxg4 Ra8 80. h5 Re8
81. hxg6 Qxg6 82. Qxg6+ Kxg6 83. Kf3 Kf5 84. Rh1 Re6 85. Rh8 Rf6 86. Re8 Re6 87.
Rf8 Rf6 88. Re8 Re6 89. Rc8 Rf6 90. Ke2 Re6 91. Rc7 f6 92. Kd3 Kg4 93. Ke2 Kf5
94. f3 Rd6 95. Kd3 Re6 96. Rc8 Kg5 97. Rg8+ Kf5 98. Rg1 Rd6 99. Rh1 Ke6 100. Rc1
Kd7 101. e4 Re6 102. Ra1 Re8 103. Ke3 dxe4 104. fxe4 f5 105. Ra7+ Ke6 106. e5 c5
107. Ra6+ Kd7 108. Rd6+ Kc7 109. Kf4 cxd4 110. Rxd4 Rf8 111. Kg5 Rd8 112. Rc4+ 1-0

[Event "4NCL 2011-12"]
[Site "Hinkley ENG"]
[Date "2012.05.05"]
[Round "9.26"]
[White "Franklin, Samuel G A"]
[Black "Camacho Collados, Jose"]
[Result "1-0"]
[BlackTitle "FM"]
[WhiteElo "2179"]
[BlackElo "2368"]
[WhiteTeam "Barbican 4NCL 2"]
[BlackTeam "Cheddleton"]
[WhiteFideId "468576"]
[BlackFideId "2265427"]
[EventDate "2011.11.12"]

1. e4 c5 2. Nf3 Nc6 3. d4 cxd4 4. Nxd4 Nf6 5. Nc3 e6 6. Ndb5 d6 7. Bf4 e5 8. Bg5
a6 9. Na3 b5 10. Bxf6 gxf6 11. Nd5 Bg7 12. Bd3 Ne7 13. Nxe7 Qxe7 14. O-O O-O 15.
Qf3 f5 16. exf5 d5 17. Qxd5 Bb7 18. Qb3 e4 19. Rfe1 Qe5 20. c3 Qxf5 21. Bf1 Qg6
22. Nc2 Kh8 23. a4 f5 24. axb5 axb5 25. Qxb5 Rab8 26. Ra7 Bc6 27. Qc5 f4 28. Nd4
Ba8 29. Ra6 Qg4 30. Qe7 Rbe8 31. h3 Qxg2+ 32. Bxg2 Rxe7 33. Re6 Rxe6 34. Nxe6
Rg8 35. Ng5 Bxc3 36. bxc3 Rxg5 37. Kh2 Re5 38. Rd1 Bc6 39. Rd6 Rc5 40. Re6 f3
41. Bf1 Rxc3 42. h4 Kg7 43. Kg3 Rc2 44. Bh3 Kf7 45. Rh6 Kg7 46. Re6 Rc4 47. Re7+
Kg6 48. Re6+ Kf7 49. Rh6 Kg7 50. Re6 Ba4 51. Re7+ Kg6 52. Kf4 e3+ 53. Kxe3 Rxh4
54. Bf1 h5 55. Kxf3 Bd1+ 56. Kg3 Rg4+ 57. Kh2 Rh4+ 58. Kg3 Rg4+ 59. Kh2 h4 60.
Be2 Bxe2 1-0

[Event "4NCL 2011-12"]
[Site "Hinkley ENG"]
[Date "2012.05.05"]
[Round "9.27"]
[White "Bellin, Robert"]
[Black "Sands, David A"]
[Result "1-0"]
[WhiteTitle "IM"]
[WhiteElo "2355"]
[BlackElo "2239"]
[WhiteTeam "Cheddleton"]
[BlackTeam "Barbican 4NCL"]
[WhiteFideId "400343"]
[BlackFideId "402060"]
[EventDate "2011.11.12"]

1. d4 d5 2. Nc3 Nf6 3. Bg5 Nbd7 4. e3 e6 5. Qf3 Be7 6. O-O-O a6 7. e4 dxe4 8.
Nxe4 Nxe4 9. Bxe7 Qxe7 10. Qxe4 c5 11. Nf3 Nf6 12. Qe5 cxd4 13. Nxd4 Bd7 14. Be2
Rc8 15. Bf3 O-O 16. Bxb7 Ng4 17. Qg3 Rb8 18. Bf3 Nf6 19. Nb3 e5 20. Rhe1 Rfe8
21. Rd2 Rb6 22. Rde2 Re6 23. Nd2 Bb5 24. Re3 h6 25. h3 Qc7 26. Kb1 R6e7 27. c4
Bd7 28. b3 Bf5+ 29. Kb2 Rd8 30. Nf1 Rde8 31. Rc3 Qc5 32. Ne3 Be4 33. Ng4 Nxg4
34. hxg4 Bxf3 35. Qxf3 Rd7 36. Qe3 Qd6 37. f3 f6 38. Rc2 Red8 39. c5 Qc7 40.
Rec1 a5 41. Rc4 Qc6 42. Qc3 Ra8 43. Ra4 Qc7 44. Qc4+ Kh8 45. Qb5 Rd2+ 46. Rc2
Rd5 47. Rac4 Rb8 48. Qa6 Kh7 49. Qe6 Rd1 50. Qf5+ Kh8 51. Qe6 Kh7 52. Ra4 Rb5
53. Qc4 Rb8 54. Qa6 Qd8 55. Qxa5 Qd3 56. Qc3 Qf1 57. c6 Rb1+ 58. Ka3 Rc8 59. c7
Qb5 60. Qc6 Qd3 61. Qe4+ Qxe4 62. Rxe4 Rd1 63. Rb4 Rd7 64. Rbc4 Kg6 65. b4 Kf7
66. b5 Ke7 67. b6 1-0

[Event "4NCL 2011-12"]
[Site "Hinkley ENG"]
[Date "2012.05.05"]
[Round "9.31"]
[White "Parker, Jonathan F"]
[Black "Rizouk, Aimen"]
[Result "1-0"]
[WhiteTitle "GM"]
[BlackTitle "GM"]
[WhiteElo "2531"]
[BlackElo "2539"]
[WhiteTeam "Barbican 4NCL 1"]
[BlackTeam "e2e4.org.uk"]
[WhiteFideId "400580"]
[BlackFideId "7900309"]
[EventDate "2011.11.12"]

1. d4 Nf6 2. c4 e6 3. Nc3 Bb4 4. Nf3 d5 5. cxd5 exd5 6. Bg5 h6 7. Bh4 g5 8. Bg3
Ne4 9. Nd2 Nxg3 10. hxg3 c6 11. e3 Nd7 12. Bd3 Nb6 13. Qc2 Qf6 14. Nf3 Be6 15.
Ne5 O-O-O 16. O-O-O Kb8 17. f4 c5 18. f5 Bc8 19. Qf2 h5 20. Bc2 cxd4 21. exd4
Bd6 22. g4 h4 1-0

[Event "4NCL 2011-12"]
[Site "Hinkley ENG"]
[Date "2012.05.05"]
[Round "9.32"]
[White "Slavin, Alexei"]
[Black "Turner, Matthew J"]
[Result "0-1"]
[WhiteTitle "IM"]
[BlackTitle "GM"]
[WhiteElo "2400"]
[BlackElo "2516"]
[WhiteTeam "e2e4.org.uk"]
[BlackTeam "Barbican 4NCL 1"]
[WhiteFideId "24104388"]
[BlackFideId "402893"]
[EventDate "2011.11.12"]

1. d4 Nf6 2. Nf3 d5 3. e3 g6 4. c4 Bg7 5. b4 O-O 6. a4 Nbd7 7. Bb2 dxc4 8. Bxc4
e5 9. dxe5 Ng4 10. Nd4 Ndxe5 11. Be2 Qh4 12. g3 Qh3 13. Bf1 Qh6 14. Ra3 Re8 15.
Be2 b6 16. h4 Bb7 17. O-O Nf6 18. Nd2 Rad8 19. b5 Bf8 20. Rb3 g5 21. N2f3 Ne4
22. Nxe5 Rxe5 23. Nf5 Rxf5 24. Qxd8 gxh4 25. Qd4 Rf6 26. g4 h3 27. Kh2 Rxf2+ 28.
Rxf2 Bd6+ 29. Rf4 Bxf4+ 30. exf4 Qxf4+ 31. Kxh3 Nf2+ 32. Kh4 Qh6+ 33. Kg3 Nh1# 0-1

[Event "4NCL 2011-12"]
[Site "Hinkley ENG"]
[Date "2012.05.05"]
[Round "9.33"]
[White "D'Costa, Lorin A R"]
[Black "Ghasi, Ameet K"]
[Result "1/2-1/2"]
[WhiteTitle "IM"]
[BlackTitle "FM"]
[WhiteElo "2409"]
[BlackElo "2400"]
[WhiteTeam "Barbican 4NCL 1"]
[BlackTeam "e2e4.org.uk"]
[WhiteFideId "409219"]
[BlackFideId "409200"]
[EventDate "2011.11.12"]

1. e4 c6 2. d4 d5 3. exd5 cxd5 4. c4 Nf6 5. Nc3 Nc6 6. Bg5 dxc4 7. d5 Ne5 8. Qd4
h6 9. Bf4 Ng6 10. Bg3 e6 11. Bxc4 exd5 12. O-O-O Be7 13. Bb5+ Bd7 14. Qa4 Rc8
15. Kb1 Rc5 16. Bxd7+ Qxd7 17. Qxd7+ Kxd7 18. Nge2 Rd8 19. f3 Ra5 20. Nd4 Bb4
21. Rd3 Ne7 22. Nb3 Ra6 23. Nb5 Rc8 24. Bf2 b6 25. Bd4 Ne8 26. a3 Bd6 27. g3 Ra4
28. Rhd1 f6 29. Bf2 Nc7 30. Nxd6 Kxd6 31. g4 Ne6 32. Bg3+ Kd7 33. Re1 Nc5 34.
Rde3 Ng6 35. Nc1 d4 36. R3e2 Rc6 37. f4 d3 38. Rd2 Rd4 39. f5 Ne5 40. Bxe5 fxe5
41. Rxe5 a5 42. Re3 Rcd6 43. h3 a4 44. Ka2 R4d5 1/2-1/2

[Event "4NCL 2011-12"]
[Site "Hinkley ENG"]
[Date "2012.05.05"]
[Round "9.34"]
[White "Longson, Alexander"]
[Black "Collins, Sam E."]
[Result "1/2-1/2"]
[BlackTitle "IM"]
[WhiteElo "2281"]
[BlackElo "2426"]
[WhiteTeam "e2e4.org.uk"]
[BlackTeam "Barbican 4NCL 1"]
[WhiteFideId "408093"]
[BlackFideId "2501198"]
[EventDate "2011.11.12"]

1. e4 e5 2. Nf3 Nc6 3. Bb5 a6 4. Ba4 Nge7 5. c3 g6 6. O-O Bg7 7. d4 exd4 8. cxd4
b5 9. Bb3 O-O 10. Nc3 d6 11. h3 Na5 12. Bc2 Bb7 13. d5 c6 14. dxc6 Bxc6 15. Nd4
Bb7 16. Re1 Rc8 17. Bb3 Nxb3 18. axb3 b4 19. Na4 Re8 20. Bf4 Nc6 21. Nxc6 Bxc6
22. Qxd6 Rxe4 23. Rxe4 Qxd6 24. Bxd6 Bxe4 25. Bxb4 Rb8 26. Bc3 Bf8 27. b4 Bxb4
28. Bxb4 Rxb4 29. Nc5 Bf5 30. g4 Bc2 31. Rxa6 Rxb2 32. Ra7 Rb1+ 33. Kg2 Rb5 34.
Rc7 Bb1 35. Kg3 g5 36. Rb7 Rxc5 37. Rxb1 Rc3+ 38. f3 Kg7 39. Rb6 f6 40. Rb8 Rc4
41. h4 h6 1/2-1/2

[Event "4NCL 2011-12"]
[Site "Hinkley ENG"]
[Date "2012.05.05"]
[Round "9.35"]
[White "Ferguson, Mark"]
[Black "Mladenov, Ilian"]
[Result "1-0"]
[WhiteTitle "IM"]
[WhiteElo "2374"]
[BlackElo "2221"]
[WhiteTeam "Barbican 4NCL 1"]
[BlackTeam "e2e4.org.uk"]
[WhiteFideId "403547"]
[BlackFideId "2906180"]
[EventDate "2011.11.12"]

1. e4 e5 2. Nf3 Nc6 3. Nc3 Nf6 4. Bb5 Bb4 5. O-O Nd4 6. Nxd4 exd4 7. e5 dxc3 8.
dxc3 Bc5 9. exf6 Qxf6 10. Re1+ Be7 11. Be3 O-O 12. Bd4 Qd6 13. Qh5 c5 14. Be5
Qg6 15. Qxg6 hxg6 16. Bg3 a6 17. Bc4 d5 18. Bxd5 Bf6 19. Rad1 Rd8 20. Bc7 Rd7
21. Bb6 Be7 22. Rd3 a5 23. c4 g5 24. Rf3 Bd6 25. Re8+ Kh7 26. Bxf7 g4 27. Bg8+
Kg6 28. Rd3 Ra6 29. Re6+ 1-0

[Event "4NCL 2011-12"]
[Site "Hinkley ENG"]
[Date "2012.05.05"]
[Round "9.36"]
[White "Hulmes, David I"]
[Black "Cox, John J"]
[Result "0-1"]
[BlackTitle "IM"]
[WhiteElo "2273"]
[BlackElo "2423"]
[WhiteTeam "e2e4.org.uk"]
[BlackTeam "Barbican 4NCL 1"]
[WhiteFideId "412201"]
[BlackFideId "401064"]
[EventDate "2011.11.12"]

1. e4 e5 2. Nf3 Nc6 3. Bb5 Nf6 4. d3 Bc5 5. O-O Nd4 6. Nxd4 Bxd4 7. c3 Bb6 8.
Nd2 c6 9. Ba4 O-O 10. Nf3 d6 11. Qe2 h6 12. Be3 Re8 13. b4 Bg4 14. h3 Bh5 15.
Bxb6 axb6 16. Bb3 d5 17. g4 Bg6 18. Nd2 Nh7 19. f4 exf4 20. Rxf4 Ng5 21. Kg2
dxe4 22. Nxe4 Nxe4 23. dxe4 Qg5 24. Raf1 Rad8 25. R1f2 Re7 26. Qf3 Qe5 27. Kg1
Kh8 28. Qe3 f6 29. Qxb6 Rd3 30. R4f3 Rxc3 31. Qd8+ Re8 32. Qd2 Rxf3 33. Rxf3
Qxe4 34. Rf4 Qe7 35. Rd4 Qe5 36. Qf2 b5 37. Rd7 Be4 38. Rd1 Bd5 39. Bxd5 cxd5
40. Qf3 d4 41. Qd3 Rc8 0-1

[Event "4NCL 2011-12"]
[Site "Hinkley ENG"]
[Date "2012.05.05"]
[Round "9.37"]
[White "Knott, Simon J B"]
[Black "Almond, Richard J"]
[Result "1-0"]
[WhiteTitle "IM"]
[WhiteElo "2332"]
[BlackElo "2115"]
[WhiteTeam "Barbican 4NCL 1"]
[BlackTeam "e2e4.org.uk"]
[WhiteFideId "400645"]
[BlackFideId "404179"]
[EventDate "2011.11.12"]

1. Nf3 d5 2. d4 Nf6 3. c4 e6 4. g3 Be7 5. Bg2 O-O 6. O-O dxc4 7. Qc2 a6 8. Qxc4
b5 9. Qc2 Bb7 10. Bd2 Nbd7 11. Ba5 Rc8 12. Nbd2 Qe8 13. b4 Bd6 14. e4 e5 15.
Rfe1 Qe7 16. a3 Rfe8 17. Rac1 Qf8 18. dxe5 Nxe5 19. Nxe5 Bxe5 20. Nb3 Rcd8 21.
Nc5 Bc8 22. Nd3 Bb7 23. Nxe5 Rxe5 24. Qxc7 1-0

[Event "4NCL 2011-12"]
[Site "Hinkley ENG"]
[Date "2012.05.05"]
[Round "9.38"]
[White "Norinkeviciute, Rasa"]
[Black "Bhatia, Kanwal K"]
[Result "1/2-1/2"]
[WhiteTitle "WFM"]
[BlackTitle "WFM"]
[WhiteElo "1996"]
[BlackElo "2087"]
[WhiteTeam "e2e4.org.uk"]
[BlackTeam "Barbican 4NCL"]
[WhiteFideId "12801925"]
[BlackFideId "407496"]
[EventDate "2011.11.12"]

1. c4 e5 2. g3 Nc6 3. Bg2 g6 4. Nc3 Bg7 5. d3 d6 6. e4 f5 7. Nge2 Nf6 8. O-O O-O
9. f4 Be6 10. Nd5 Qd7 11. Nec3 Nd4 12. Nxf6+ Rxf6 13. exf5 Bxf5 14. Be3 Bg4 15.
Qd2 Nf5 16. Ne4 Rff8 17. fxe5 Bxe5 18. d4 Bg7 19. Bf2 Rae8 20. Rae1 Ne7 21. d5
Be5 1/2-1/2

[Event "4NCL 2011-12"]
[Site "Hinkley ENG"]
[Date "2012.05.05"]
[Round "9.42"]
[White "Edouard, Romain"]
[Black "Wells, Peter K"]
[Result "1-0"]
[WhiteTitle "GM"]
[BlackTitle "GM"]
[WhiteElo "2621"]
[BlackElo "2492"]
[WhiteTeam "Guildford"]
[BlackTeam "White Rose"]
[WhiteFideId "633429"]
[BlackFideId "400327"]
[EventDate "2011.11.12"]

1. e4 e5 2. Nf3 Nc6 3. Bb5 a6 4. Ba4 Nf6 5. O-O Be7 6. Re1 b5 7. Bb3 d6 8. c3
O-O 9. h3 Bb7 10. d4 Re8 11. Nbd2 Bf8 12. a3 h6 13. Ba2 Nb8 14. d5 c6 15. c4
bxc4 16. dxc6 Bxc6 17. Qc2 Ra7 18. Bxc4 Rc7 19. Qd3 Nxe4 20. Nxe4 d5 21. Ba2 Rd7
22. Qc3 dxe4 23. Nxe5 Rc7 24. Bf4 Qf6 25. Bg3 Rec8 26. Qe3 Bd6 27. Ng4 Qe7 28.
Rad1 Bxg3 29. Qxg3 Kh7 30. Ne5 Ba4 31. Rd4 Rc1 32. Rxe4 Be8 33. Kh2 Rxe1 34.
Rxe1 Qc7 35. f4 Nc6 36. Qd3+ Kg8 37. Qxa6 Rb8 38. b4 Nd4 1-0

[Event "4NCL 2011-12"]
[Site "Hinkley ENG"]
[Date "2012.05.05"]
[Round "9.44"]
[White "Smerdon, David"]
[Black "McNab, Colin A"]
[Result "0-1"]
[WhiteTitle "GM"]
[BlackTitle "GM"]
[WhiteElo "2513"]
[BlackElo "2438"]
[WhiteTeam "Guildford 1"]
[BlackTeam "White Rose"]
[WhiteFideId "3202305"]
[BlackFideId "2400030"]
[EventDate "2011.11.12"]

1. e4 g6 2. d4 d6 3. Nc3 Bg7 4. Be3 Nf6 5. Qd2 c6 6. Bh6 Bxh6 7. Qxh6 Qa5 8. Bd3
c5 9. d5 Nbd7 10. Nf3 b5 11. O-O c4 12. Be2 b4 13. Nd1 Qc5 14. Ne3 Nxe4 15. Bxc4
Ndf6 16. Rad1 Rg8 17. Bd3 Bf5 18. Bxe4 Bxe4 19. Ng5 Bxd5 20. Nxh7 Be6 21. Nxf6+
exf6 22. Qf4 Kf8 23. Qxf6 Qe5 24. Qh4 Qxb2 25. Rxd6 Kg7 26. Rfd1 Rh8 27. Qe7
Rhe8 28. Qg5 a5 29. Ng4 Qc3 30. Ne3 Rac8 31. Qxa5 Bg4 32. R6d3 Bxd1 33. Rxc3
bxc3 34. Qg5 Rxe3 35. Qxe3 Bxc2 36. g4 Be4 37. f3 c2 38. Qc1 Rb8 0-1

[Event "4NCL 2011-12"]
[Site "Hinkley ENG"]
[Date "2012.05.05"]
[Round "9.45"]
[White "Gourlay, Iain"]
[Black "Conquest, Stuart C"]
[Result "1-0"]
[WhiteTitle "FM"]
[BlackTitle "GM"]
[WhiteElo "2351"]
[BlackElo "2521"]
[WhiteTeam "White Rose"]
[BlackTeam "Guildford 1"]
[WhiteFideId "2401533"]
[BlackFideId "400181"]
[EventDate "2011.11.12"]

1. Nf3 d6 2. g3 e5 3. Bg2 f5 4. O-O Be7 5. d3 Nf6 6. c4 O-O 7. Nc3 Kh8 8. Nd5
Nxd5 9. cxd5 Nd7 10. Qc2 b6 11. Bd2 Bb7 12. e4 Rc8 13. Bc3 Qe8 14. Nd2 fxe4 15.
dxe4 Ba6 16. Rfd1 c6 17. dxc6 Rxc6 18. Nf1 Bg5 19. f4 Bf6 20. f5 Bg5 21. a4 Nf6
22. Bf3 Bc4 23. Be2 Qf7 24. Bxc4 Qxc4 25. Re1 Rfc8 26. h3 a6 27. Kh2 Bh6 28. Qg2
Qb3 29. Ra3 Qf7 30. Raa1 Rc4 31. Rad1 R8c6 32. Ne3 Rxe4 33. Qf3 Bxe3 34. Rxe3
Rxe3 35. Qxe3 h6 36. Qf3 Qc4 37. g4 e4 38. Qg2 Nd5 39. Rd4 Qb3 40. Qxe4 Nxc3 41.
Qxc6 Qxb2+ 42. Qg2 Qc1 43. Qf2 Qg5 44. Qe1 1-0

[Event "4NCL 2011-12"]
[Site "Hinkley ENG"]
[Date "2012.05.05"]
[Round "9.46"]
[White "Kosten, Anthony C."]
[Black "Townsend, M Paul"]
[Result "1/2-1/2"]
[WhiteTitle "GM"]
[WhiteElo "2498"]
[BlackElo "2255"]
[WhiteTeam "Guildford 1"]
[BlackTeam "White Rose"]
[WhiteFideId "400114"]
[BlackFideId "402320"]
[EventDate "2011.11.12"]

1. c4 e6 2. Nf3 d5 3. g3 Nf6 4. Bg2 Be7 5. O-O O-O 6. b3 c5 7. e3 Nc6 8. Bb2 d4
9. exd4 cxd4 10. Re1 Re8 11. d3 Bf8 12. Ba3 Bxa3 13. Nxa3 e5 14. Nc2 a5 15. a3
Rb8 16. b4 axb4 17. Nxb4 Qd6 18. Rb1 Bd7 19. Ng5 Nxb4 20. axb4 Bc6 21. Qb3 Bxg2
22. Kxg2 h6 23. Ne4 Nxe4 24. Rxe4 Re6 25. Rbe1 Rbe8 26. c5 Qc6 27. Qc4 b5 28.
cxb6 Qxb6 29. b5 Qb7 30. Kg1 Rc8 31. Qb4 Rc3 32. Rxe5 Rxe5 33. Rxe5 Rc1+ 34. Re1
Rxe1+ 35. Qxe1 Qxb5 36. Qe4 Qd7 37. Kg2 f6 38. h4 1/2-1/2